Normal view
MARC view
- Burnell, A. C
Entry Personal Name
001 - CONTROL NUMBER
- control field: 50161
003 - CONTROL NUMBER IDENTIFIER
- control field: NUST
005 - DATE AND TIME OF LATEST TRANSACTION
- control field: 20210314134536.0
008 - FIXED-LENGTH DATA ELEMENTS
- fixed length control field: 210314|| aca||aabn | a|a d
040 ## - CATALOGING SOURCE
- Original cataloging agency: NUST
- Transcribing agency: NUST
100 ## - HEADING--PERSONAL NAME
- Personal name: Burnell, A. C
670 ## - SOURCE DATA FOUND
- Source citation: Work cat.: (NUST): Yule, Henry, 50158, Hobson-Jobson;, 1903.
